000 03365nab a2200301 i 4500
003 BR-BrBNA
005 20250930185143.0
008 250930b2022 bl.ar|pooa||| 00| 0 eng |
040 _aBR-BrBNA
_beng
072 _aF70
100 _aMenezes, Marcelo Oliveira Teles de
100 _aStannard, Brian Leslie
100 _aCaires, Claudenir Simões
100 _aLoiola, Maria Iracema Bezerra
100 _aMoro, Marcelo Freire
245 _aFlora of Ceará, Brazil: Loranthaceae
500 _aPublicação on-line; 45 ref.; 11 illus.; Summaries (En, Pt)
520 _a Abstract This study provides a taxonomic treatment for the species of Loranthaceae in the state of Ceará, Northeastern Brazil. The survey was made based on the previous consultation of virtual herbaria, in loco visits, material loans, and photographs of diagnostic traits sent by herbarium curators. Morphological traits and geographic coordinates of all specimens collected in the State were recorded to prepare the distribution maps, identification key, and taxonomic descriptions for each taxon. A total of 184 specimens (discounting duplicates) from 30 herbaria were studied. Eight species are recorded for Ceará: Passovia pedunculata, Passovia pyrifolia, Psittacanthus cordatus, Psittacanthus dichroos, Psittacanthus eucalyptifolius, Struthanthus marginatus, Struthanthus polyrrhizus, and Struthanthus syringifolius. None are included in the IUCN Red List. However, four of them were collected inside protected areas (i.e., Passovia pedunculata, Psittacanthus cordatus, S. polyrrhizus, and S. syringifolius). Key words: biodiversity, Caatinga, mistletoe, semiarid, taxonomy. Resumo Este estudo traz um tratamento taxonômico das espécies de Loranthaceae no estado do Ceará, nordeste do Brasil. O levantamento foi feito a partir de consulta prévia em herbários virtuais, visitas in loco, material de empréstimo e fotografias de caracteres diagnósticos enviadas por curadores de herbários. Características morfológicas e coordenadas geográficas de todos os espécimes coletados no estado foram registradas para elaborar mapas de distribuição, uma chave de identificação e descrições taxonômicas de cada táxon. Foram estudados um total de 184 espécimes (excluindo duplicatas) de 30 herbários. Foram registradas oito espécies no Ceará: Passovia pedunculata, Passovia pyrifolia, Psittacanthus cordatus, Psittacanthus dichroos, Psittacanthus eucalyptifolius, Struthanthus marginatus, Struthanthus polyrrhizus e Struthanthus syringifolius. Nenhuma delas é citada na Lista Vermelha da IUCN. No entanto, quatro delas foram coletadas dentro de Unidades de Conservação (Passovia pedunculata, Psittacanthus cordatus, S. polyrrhizus e S. syringifolius). Palavras-chave: biodiversidade, Caatinga, erva-de-passarinho, semiárido, taxonomia.
650 _aBIODIVERSIDADE
650 _aCAATINGA
650 _aERVA DE PASSARINHO
650 _aCLIMA SEMIÁRIDO
650 _aTAXONOMIA
773 0 _0709
_9357916
_dRio de Janeiro-RJ Jardim Botanico do Rio de Janeiro 1935
_o2025-5881
_tRodriguésia (Brazil)
_x0370-6583; 2175-7860 on-line
_gv. 73 p. 1-18; (2022)
_wBR2025002622
856 _uhttps://www.scielo.br/j/rod/a/9tgkMfLsx6Zhb9GsXCtgh5g/?format=pdf&lang=en
942 _cANA
999 _c338489
_d338489